01458nam a2200397 i 450000100060000000300090000600500170001500800410003204000360007304100130010904600090012208000110013108000110014208000120015308000120016510000420017724501400021924601050035926000560046430000440052033600270056433700540059133800280064538000160067338800140068938800140070350400340071765000140075165000240076565000250078965800340081465800300084870000430087871000410092185600980096226973KOSZ 00520221221125248.0961010s1976 pl f |000 0 pol d cKOSZ 005aKOSZ 005dKOSZ 005/HR apolheng k1976 a330.34 a330.83 a316.422 a001.8951 aNordhaus, William D.d(1941- )eAutor10aInnowacje wzrost i dobrobyt :bpostęp techniczny w ujęciu teoretycznym /cWilliam D. Nordhaus ; [przeł. Elżbieta Krawczyńska].10iTytuł oryginału:aInvention, growth and welfare :ba theoretical treatment of technological change aWarszawa :bPaństwowe Wydawnictwo Naukowe,c1976. a275, [1] strona :bilustracje ;c20 cm. 2rdacontentaTekstbtxt 2rdamediaaBez urządzenia pośredniczącegobn 2rdacarrieraWoluminbnc aKsiążki a1901-2000 a1945-1989 aBibliogr. s. 257-267. Indeks. 4aInnowacje 4aPostęp techniczny 4aRozwój gospodarczy aGospodarka, ekonomia, finanse aZarządzanie i marketing1 aKawczyńska, ElżbietaeTłumaczenie1 aPaństwowe Wydawnictwo Naukowe4pbl uhttp://koha.tu.koszalin.pl/cgi-bin/koha/opac-detail.pl?biblionumber=26973yKatalog online BPK